Red scarf girl / (Record no. 3504)
[ view plain ]
| 000 -LEADER | |
|---|---|
| fixed length control field | 01572nam a22002417a 4500 |
| 001 - CONTROL NUMBER | |
| control field | 3504 |
| 003 - CONTROL NUMBER IDENTIFIER | |
| control field | FISKH |
| 005 - DATE AND TIME OF LATEST TRANSACTION | |
| control field | 20240314090446.0 |
| 008 - FIXED-LENGTH DATA ELEMENTS--GENERAL INFORMATION | |
| fixed length control field | 240314b cb ||||| |||| 00| 0 eng d |
| 040 ## - CATALOGING SOURCE | |
| Original cataloging agency | FISK |
| Language of cataloging | eng |
| Transcribing agency | FISK |
| Modifying agency | FISK |
| 050 ## - LIBRARY OF CONGRESS CALL NUMBER | |
| Classification number | DS778.J53 |
| 082 ## - DEWEY DECIMAL CLASSIFICATION NUMBER | |
| Classification number | 951.056 |
| 100 ## - MAIN ENTRY--PERSONAL NAME | |
| Personal name | Jiang ji-li |
| Dates associated with a name | 1954- |
| 245 ## - TITLE STATEMENT | |
| Title | Red scarf girl / |
| Statement of responsibility, etc. | Ji-li Jiang |
| 260 ## - PUBLICATION, DISTRIBUTION, ETC. | |
| Place of publication, distribution, etc. | New York : |
| Name of publisher, distributor, etc. | Scholastic, |
| Date of publication, distribution, etc. | 1999 |
| 300 ## - PHYSICAL DESCRIPTION | |
| Extent | 285 pages : |
| Other physical details | 20 cm |
| 505 ## - FORMATTED CONTENTS NOTE | |
| Formatted contents note | M |
| 520 ## - SUMMARY, ETC. | |
| Summary, etc. | Publishers Weekly Best Book * ALA Best Book for Young Adults * ALA Notable Children's Book * ALA Booklist Editors' Choice Moving, honest, and deeply personal, Red Scarf Girl is the incredible true story of one girl's courage and determination during one of the most terrifying eras of the twentieth century. It's 1966, and twelve-year-old Ji-li Jiang has everything a girl could want: brains, popularity, and a bright future in Communist China. But it's also the year that China's leader, Mao Ze-dong, launches the Cultural Revolution-and Ji-li's world begins to fall apart. Over the next few years, people who were once her friends and neighbors turn on her and her family, forcing them to live in constant terror of arrest. And when Ji-li's father is finally imprisoned, she faces the most difficult dilemma of her life. Written in an accessible and engaging style, this page-turning autobiography will appeal to readers of all ages, and it includes a detailed glossary and a pronunciation guide. |
| 521 8# - TARGET AUDIENCE NOTE | |
| Target audience note | 780 |
| Source | Lexile |
| 700 ## - ADDED ENTRY--PERSONAL NAME | |
| Personal name | Ji-li Jiang |
| 942 ## - ADDED ENTRY ELEMENTS (KOHA) | |
| Source of classification or shelving scheme | Dewey Decimal Classification |
| Koha item type | Books |
| Suppress in OPAC | No |
| Withdrawn status | Lost status | Source of classification or shelving scheme | Damaged status | Not for loan | Collection | Home library | Current library | Shelving location | Date acquired | Total Checkouts | Full call number | Barcode | Date last seen | Copy number | Price effective from | Koha item type |
|---|---|---|---|---|---|---|---|---|---|---|---|---|---|---|---|---|
| Dewey Decimal Classification | Non-Fiction | Footprints International School Library Network Toul Kork Campus | Footprints International School Library Network Toul Kork Campus | TTP Primary Orange Bookshelves | 03/14/2024 | JIA DS778.J53 951.056 | 2024-0325 | 03/14/2024 | 1 | 03/14/2024 | Books |
